Catalepsia 2 : (Registro nro. 12638)

Detalles MARC
000 -LIDER
fixed length control field 00815nam a2200265 a 4500
001 - NÚMERO DE CONTROL
Identificador de número de control 000000733
003 - IDENTIFICACDOR DE NÚMERO DE CONTROL
control field DO-SdBNP
005 - DATE AND TIME OF LATEST TRANSACTION
control field 20210809100159.0
008 - ELEMENTOS DE LONGITUD FIJA
fixed length control field 090429s2012 dr r 000 j spa d
020 ## - ISBN
Canceled/invalid ISBN 9789945165173
020 ## - ISBN
Canceled/invalid ISBN
040 ## - FUENTE DE CATALOGACIÓN
Agencia que crea de manera original el registro BPMSU
Idioma de catalogación spa
Agencia que realiza la transcripción BPMSU
082 ## - NÚMERO DE CLASIFICACIÓN DECIMAL DE DEWEY
Classification number RD863.44
Item number J58c, 2012
Edition number 22
100 1# - ASIENTO PRINCIPAL -- NOMBRE PERSONAL
Nombre personal Jesús Ulerio, Luis Felipe de,
Fechas asociadas con el nombre 1970 -
245 10 - MENCIÓN DE TITULO
Título Catalepsia 2 :
Subtítulo más cuentos de muertos contados por vivos /
Mención de responsabilidad Luis Felipe de Jesús Ulerio.
250 ## - MENCIÓN DE EDICION
Mención de edición 2a. ed.
260 ## - PUBLICACIÓN, DISTRIBUCIÓN, ETC. (PIE DE IMPRENTA)
Lugar de publicación, distribución, etc Santo Domingo :
Nombre del editor, distribuidor, etc. Búho,
Fecha de publicación, distribución, etc 2012
300 ## - DESCRIPCIÓN FÍSICA
Extensión 191 p. ;
Dimensiones 22 cm.
500 ## - NOTA GENERAL
Nota general Incluye datos biográficos del autor en la solapa de la cubierta
590 ## - NOTA LOCAL
Texto de la nota local Inventariado, 2021/VM
650 #4 - ENCABEZAMIENTO DE MATERIA--TEMÁTICO
Término temático o nombre geográfico como elemento de entrada Cuentos dominicanos
650 #4 - ENCABEZAMIENTO DE MATERIA--TEMÁTICO
Término temático o nombre geográfico como elemento de entrada Literatura dominicana.
910 ## - VALIDACIÓN
Validación VMateo V.
942 ## - ADDED ENTRY ELEMENTS (KOHA)
Source of classification or shelving scheme Dewey Decimal Classification
Koha item type Libros
Existencias
Withdrawn status Lost status Source of classification or shelving scheme Damaged status Not for loan Collection code Home library Current library Date acquired Source of acquisition Total Checkouts Full call number Barcode Date last seen Price effective from Koha item type Coded location qualifier Copy number
    Dewey Decimal Classification     Colección Dominicana Biblioteca Pública Metropolitana Salomé Ureña Biblioteca Pública Metropolitana Salomé Ureña 10/19/2017 Editora búho   BPMSU CD RD863.44 J58c, 2012 BPMSU17100068 10/19/2017 10/19/2017 Libros    
    Dewey Decimal Classification     Colección Dominicana Biblioteca Pública Metropolitana Salomé Ureña Biblioteca Pública Metropolitana Salomé Ureña 10/19/2017 Editora búho   BPMSU CD RD863.44 J58c, 2012 BPMSU21060009 06/01/2021 10/19/2017 Libros e.2
    Dewey Decimal Classification     Colección Dominicana Biblioteca Pública Metropolitana Salomé Ureña Biblioteca Pública Metropolitana Salomé Ureña 10/19/2017 Editora búho   BPMSU CD RD863.44 J58c, 2012 BPMSU21060010 06/01/2021 10/19/2017 Libros e.3